[Event "I Cerrado Juan Moreno In Memoriam"]
[Site "Zaragoza"]
[Date "2017.04.15"]
[Round "7"]
[White "Uribe Arteaga Daniel"]
[Black "Bayo Milagro Alvaro"]
[Result "0-1"]
[WhiteElo "2294"]
[BlackElo "2273"]

1.c4 e6 2.Nf3 d5 3.b3 d4 4.Bb2 c5 5.e3 Nc6 6.exd4 cxd4 7.g3 Nf6 8.Bg2 e5 9.O-O
Bd6 10.b4 Nxb4 11.Nxe5 Bxe5 12.Qa4+ Nc6 13.Bxc6+ bxc6 14.Re1 O-O 15.Rxe5 Re8
16.Rxe8+ Qxe8 17.Na3 Rb8 18.Bxd4 Bh3 19.d3 Rd8 20.Nc2 Qe2 21.Bxf6 gxf6 22.d4
Qf3 23.Ne1 Qc3 24.Rb1 Re8 25.Ng2 Qf3 26.Nf4 Bf5 27.Qd1 Qe4 28.Rb3 Rd8 29.d5
Qxc4 30.d6 Qc5 31.Nh5 Qe5 32.Re3 Rxd6 33.Qe1 Be4 34.Nf4 Rd4 35.f3 Qd6 36.Kg2
Bg6 37.h4 Rd2+ 38.Re2 Rxe2+ 39.Qxe2 Qe5 40.Qa6 Qb2+ 41.Kh3 Bf5+ 42.g4 Qf2 43.
Qxc6 Qf1+ 44.Ng2 Be6 45.h5 Kg7 46.Kg3 Qd1 47.a4 h6 48.a5 Qd2 49.Qc5 a6 50.Qb6
Bc4 51.Ne3 Qe1+ 52.Kf4 Bd3 53.Qd6 Qxa5 54.Nd5 Qd2+ 55.Kg3 Qe1+ 56.Kf4 Qa1 57.
Nc7 Qe5+ 58.Qxe5 fxe5+ 59.Kxe5 a5 60.Kd4 Be2 61.Ke3 a4 62.Nd5 a3 63.Nc3 Bc4
64.f4 a2 65.Nxa2 Bxa2 66.Kf3 f5 67.g5 Bf7 68.g6 Bd5+ 69.Kf2 Be4 70.Ke3 Bg2 71.
Kd4 Kf6 72.g7 Kxg7 73.Ke5 Bh3 0-1

[Event "I Cerrado Juan Moreno In Memoriam"]
[Site "Zaragoza"]
[Date "2017.04.16"]
[Round "8"]
[White "Glavina Pablo"]
[Black "Bayo Milagro Alvaro"]
[Result "1/2-1/2"]
[WhiteElo "2391"]
[BlackElo "2273"]

1.e4 e6 2.d4 d5 3.Nd2 Nc6 4.Ngf3 Nf6 5.e5 Nd7 6.Bd3 f6 7.exf6 Qxf6 8.O-O Bd6
9.c4 O-O 10.Nb3 Kh8 11.Bg5 Qf7 12.Bh4 1/2-1/2

[Event "I Cerrado Juan Moreno In Memoriam"]
[Site "Zaragoza"]
[Date "2017.04.16"]
[Round "8"]
[White "Gines Esteo Pedro Antonio"]
[Black "Uribe Arteaga Daniel"]
[Result "1-0"]
[WhiteElo "2319"]
[BlackElo "2294"]

1.d4 Nf6 2.Nf3 g6 3.c4 c5 4.Nc3 Bg7 5.e4 cxd4 6.Nxd4 d6 7.Be2 O-O 8.Be3 Nc6 9.
Nc2 Be6 10.f3 Nd7 11.Qd2 Nde5 12.b3 f5 13.exf5 gxf5 14.f4 Ng4 15.Bxg4 fxg4 16.
O-O Qa5 17.Nd4 Bd7 18.Rad1 Nxd4 19.Bxd4 e5 20.fxe5 dxe5 21.Rxf8+ Rxf8 22.Be3
Rf7 23.Ne4 Qxd2 24.Rxd2 Bc6 25.Nd6 Rd7 26.b4 Bf8 27.b5 Rxd6 28.Rxd6 Bxd6 29.
bxc6 b6 30.c5 Bc7 31.Kf2 Kf7 32.Kg3 h5 33.Kh4 Kg6 34.Bg5 bxc5 35.Be3 c4 36.
Bxa7 e4 37.Bd4 Bd8+ 38.Kg3 Kf5 39.a4 Ke6 40.Kf4 Kd5 41.Be5 e3 42.c7 Bxc7 43.
Bxc7 e2 44.Ba5 Kd4 45.Kg3 Ke3 46.Be1 Kd3 47.Kf2 h4 48.a5 g3+ 49.hxg3 hxg3+ 50.
Kf3 1-0

[Event "I Cerrado Juan Moreno In Memoriam"]
[Site "Zaragoza"]
[Date "2017.04.16"]
[Round "8"]
[White "Villuendas Valero Adrian"]
[Black "Roldan Marques Daniel"]
[Result "1/2-1/2"]
[WhiteElo "2311"]
[BlackElo "2255"]

1.d4 d5 2.c4 e6 3.Nf3 c6 4.e3 Nf6 5.Bd3 dxc4 6.Bxc4 b5 7.Bd3 Bb7 8.O-O Nbd7 9.
Nbd2 a6 10.a4 Qb6 11.Qe2 Bd6 12.e4 Be7 13.e5 Nd5 14.Ne4 h6 15.Bd2 b4 16.a5 Qa7
17.Rfc1 Rc8 18.Rc2 c5 19.Rac1 b3 20.Rc4 Bc6 21.dxc5 Bb5 22.c6 Nb8 23.Rd4 Bxd3
24.Qxd3 Rxc6 25.Qxb3 Rxc1+ 26.Bxc1 O-O 27.Rc4 Nd7 28.Qc2 Qb8 29.b3 1/2-1/2

[Event "I Cerrado Juan Moreno In Memoriam"]
[Site "Zaragoza"]
[Date "2017.04.16"]
[Round "9"]
[White "Roldan Marques Daniel"]
[Black "Moreno Gracia Daniel"]
[Result "1/2-1/2"]
[WhiteElo "2255"]
[BlackElo "2318"]

1.d4 d5 2.c4 c6 3.cxd5 cxd5 4.Nc3 Nf6 5.Nf3 Nc6 6.Bf4 Bf5 7.e3 e6 8.Bd3 Bxd3
9.Qxd3 Be7 10.O-O O-O 11.h3 Rc8 12.Rac1 1/2-1/2

[Event "I Cerrado Juan Moreno In Memoriam"]
[Site "Zaragoza"]
[Date "2017.04.16"]
[Round "9"]
[White "Lopez Gracia Fernando"]
[Black "Villuendas Valero Adrian"]
[Result "0-1"]
[WhiteElo "2302"]
[BlackElo "2311"]

1.e4 e6 2.d4 d5 3.e5 c5 4.c3 Qb6 5.Nf3 Nc6 6.Bd3 Bd7 7.O-O cxd4 8.Re1 Nge7 9.
h4 h6 10.Nbd2 dxc3 11.bxc3 Na5 12.Nb3 Nc4 13.Rb1 Qc7 14.Qe2 Nc8 15.Bf4 N8b6
16.Nfd4 Na4 17.Rbc1 O-O-O 18.h5 Ba3 19.Rc2 Nab2 20.Bg3 Nxd3 21.Qxd3 Rdg8 22.
Qf3 Be8 23.Nc1 g6 24.hxg6 Rxg6 25.Nd3 h5 26.Nf4 Rgh6 27.Rce2 h4 28.Bh2 Qd8 29.
Qg4 Bd7 30.Qf3 Be7 31.Qd3 Qg8 32.Kh1 Qh7 33.Qf3 Rg8 34.Kg1 h3 35.g3 Bd8 36.Kh1
Bc7 37.Nd3 Qg7 38.Qf4 f6 39.exf6 Rxf6 40.Qc1 e5 41.Nb3 Qg4 42.Re3 Nxe3 43.Qxe3
Bb6 44.Nbc5 d4 45.cxd4 exd4 46.Qe2 Qxe2 47.Rxe2 Bxc5 48.Nxc5 Rc6 0-1

[Event "I Cerrado Juan Moreno In Memoriam"]
[Site "Zaragoza"]
[Date "2017.04.16"]
[Round "9"]
[White "Uribe Arteaga Daniel"]
[Black "Adla Diego"]
[Result "1/2-1/2"]
[WhiteElo "2294"]
[BlackElo "2398"]

1.d4 d5 2.Bf4 Nf6 3.Nf3 Bf5 4.e3 e6 5.Bd3 Bxd3 6.Qxd3 c6 7.O-O Bd6 8.Bxd6 Qxd6
9.c3 Nbd7 10.Nbd2 O-O 11.e4 dxe4 12.Nxe4 Nxe4 13.Qxe4 1/2-1/2

[Event "I Cerrado Juan Moreno In Memoriam"]
[Site "Zaragoza"]
[Date "2017.04.16"]
[Round "9"]
[White "Bayo Milagro Alvaro"]
[Black "Gines Esteo Pedro Antonio"]
[Result "1-0"]
[WhiteElo "2273"]
[BlackElo "2319"]

1.c4 c6 2.Nf3 d5 3.e3 Nf6 4.Nc3 g6 5.b3 Bg7 6.Bb2 O-O 7.Be2 a5 8.O-O Bf5 9.Rc1
Na6 10.d4 Nc7 11.Ne5 Ne4 12.Na4 Na6 13.Nd3 Nb4 14.a3 Nxd3 15.Bxd3 Rc8 16.c5
Qc7 17.f3 Ng5 18.Bxf5 gxf5 19.Qd3 f4 20.Nb6 Rcd8 21.exf4 Qxf4 22.Bc3 Kh8 23.
Rcd1 Ne6 24.g3 Qf6 25.Na4 Rg8 26.Kh1 Rde8 27.f4 h5 28.Qe2 Qf5 29.Qd3 Qh3 30.
Rf3 Bf6 31.Rg1 Rg4 32.Nb2 Reg8 33.Nd1 Nxf4 34.Nf2 Nxd3 35.Nxh3 Bxd4 36.Rxd3
Bxc3 37.Rxc3 h4 38.Nf2 Rd4 39.Re1 hxg3 40.hxg3 e6 41.Kg2 Kg7 42.Rd3 Rxd3 43.
Nxd3 Re8 44.g4 f6 45.Nf4 e5 46.Nh5+ Kg6 47.Rf1 Re6 48.Rf5 b6 49.cxb6 c5 50.
Rxf6+ 1-0